مكتبة جامعة عجلون الوطنية

فهرس بحث المكتبة

Theories Of Human Communication (Record no. 1132)

MARC details
000 -LEADER
fixed length control field 00675nam a2200217Ii 4500
003 - CONTROL NUMBER IDENTIFIER
control field JO-AjNU
008 - FIXED-LENGTH DATA ELEMENTS--GENERAL INFORMATION
fixed length control field 230606s9999||||xx |||||||||||||| ||und||
020 ## - INTERNATIONAL STANDARD BOOK NUMBER
International Standard Book Number 978-0-495-09587-3
040 ## - CATALOGING SOURCE
Original cataloging agency JO-AjNU
Language of cataloging eng
Description conventions rda
Transcribing agency JO-AjNU
041 ## - LANGUAGE CODE
Language code of text/sound track or separate title eng
050 14 - LIBRARY OF CONGRESS CALL NUMBER
Classification number P90.L48 2008
100 3# - MAIN ENTRY--PERSONAL NAME
Personal name w.Littlejohn,Stephen تأليف/A.Foss,Karen م.مشارك,
Relator term author
9 (RLIN) 2158
245 00 - TITLE STATEMENT
Title Theories Of Human Communication
250 ## - EDITION STATEMENT
Edition statement 8 ed
264 31 - PRODUCTION, PUBLICATION, DISTRIBUTION, MANUFACTURE, AND COPYRIGHT NOTICE
Place of production, publication, distribution, manufacture USA:Thomson Wadsworth,2008
300 ## - PHYSICAL DESCRIPTION
Extent 395p
336 ## - CONTENT TYPE
Content type term text
Content type code txt
Source rdacontent
337 ## - MEDIA TYPE
Media type term unmediated
Media type code n
Source rdamedia
338 ## - CARRIER TYPE
Carrier type term volume
Carrier type code nc
Source rdacarrier
650 #4 - SUBJECT ADDED ENTRY--TOPICAL TERM
Topical term or geographic name entry element Theories Of Human Communication-Human Communication
9 (RLIN) 2159
Holdings
Withdrawn status Lost status Source of classification or shelving scheme Damaged status Not for loan Home library Current library Shelving location Date acquired Total Checkouts Full call number Barcode Date last seen Price effective from Koha item type
    Library of Congress Classification     مكتبة جامعة عجلون الوطنية مكتبة جامعة عجلون الوطنية المجموعات العامة 06/06/2023   P90.L48 2008 E1132 06/06/2023 06/06/2023 Books